| 000 | 01068nam a2200229Ia 4500 | ||
|---|---|---|---|
| 999 |
_c53244 _d53244 |
||
| 001 | 20285 | ||
| 003 | GE_BSU | ||
| 005 | 20200825195845.0 | ||
| 008 | 181216s1973||||ge |||||||||||||| ||geo|| | ||
| 040 | _cGE_BSU | ||
| 041 | _ageo | ||
| 080 | _a003.334.2 ბ-29 | ||
| 100 |
_aბასილაშვილი, ეთერ _99338 |
||
| 245 |
_aძველი ქართული ანბანი : _bმეშველი წიგნაკი ძველი ქართული წიგნებისა და წარწერების კითხვაში გასაწაფავად / _cეთერ ბასილაშვილი ; რედ. ა. შანიძე. |
||
| 264 |
_aთბილისი : _bგანათლება, _c1973. |
||
| 300 |
_a67გვ. : _b ილ. ; _c21 სმ. |
||
| 541 | _h28თ. | ||
| 653 | _aქართული ენა | ||
| 653 | _aძველი ქართული ანბანი | ||
| 700 |
_aშანიძე, ა. _eრედაქტორი _99339 |
||
| 942 |
_cBK _2udc |
||